[Event "Torino Province-ch"]
[Site "Torino"]
[Date "2015.03.05"]
[Round "6"]
[White "Ragni, Paolo"]
[Black "Plenzick, Angelo Mario"]
[Result "1-0"]
[WhiteElo "2134"]
[BlackElo "1725"]
[PlyCount "55"]
[EventDate "2015.01.29"]
[EventType "swiss"]
[EventRounds "7"]
[EventCountry "ITA"]
[SourceTitle "EXT 2017"]
[Source "ChessBase"]
[SourceDate "2016.10.25"]
[SourceVersion "1"]
[SourceVersionDate "2016.10.25"]
[SourceQuality "1"]

1. d4 c6 2. c4 d5 3. Nc3 e5 4. cxd5 exd4 5. Qxd4 Nf6 6. e4 cxd5 7. exd5 a6 8. Nf3 Nbd7 9. Bg5 Bc5 10. Qd2 Qb6 11. Bd3 0-0 12. 0-0 Bb4 13. Rad1 h6 14. Be3 Qa5 15. Bb1 Rd8 16. Qc2 Nb6 17. Bd4 Nbd7 18. a3 Bxc3 19. Bxc3 Qc5 20. Rfe1 Qd6 21. Bb4 Qb8 22. Be7 Re8 23. d6 b5 24. Ne5 g6 25. Nxg6 Bb7 26. Ne5 Rc8 27. Qd3 Nc5 28. Qg3+ 1-0

[Event "Torino Province-ch"]
[Site "Torino"]
[Date "2015.02.26"]
[Round "5"]
[White "Castelli, Giovanni J"]
[Black "Ragni, Paolo"]
[Result "1/2-1/2"]
[WhiteElo "1950"]
[BlackElo "2134"]
[PlyCount "125"]
[EventDate "2015.01.29"]
[EventType "swiss"]
[EventRounds "7"]
[EventCountry "ITA"]
[SourceTitle "EXT 2017"]
[Source "ChessBase"]
[SourceDate "2016.10.25"]
[SourceVersion "1"]
[SourceVersionDate "2016.10.25"]
[SourceQuality "1"]

1. e4 e5 2. Nf3 Nc6 3. Bb5 g6 4. d4 exd4 5. Bg5 f6 6. Bh4 h5 7. Nxd4 Bc5 8. Nb3 Bb6 9. f4 g5 10. fxg5 fxg5 11. Bf2 Bxf2+ 12. Kxf2 Qf6+ 13. Kg1 d6 14. Nc3 Bg4 15. Qd4 Qxd4+ 16. Nxd4 Bd7 17. Bxc6 bxc6 18. e5 c5 19. Ndb5 Bxb5 20. Nxb5 Kd7 21. exd6 c6 22. Nc3 Nf6 23. Rd1 Rae8 24. h3 Ne4 25. Nxe4 Rxe4 26. Kh2 Rd4 27. c3 Rd5 28. Rhf1 Kxd6 29. c4 Rxd1 30. Rxd1+ Ke5 31. Rd7 Ra8 32. Rg7 g4 33. hxg4 hxg4 34. Kg3 a5 35. Rxg4 a4 36. Kf3 Rf8+ 37. Ke3 Rb8 38. Rg5+ Kd6 39. Rg6+ Kd7 40. Rg7+ Kd6 41. Rg6+ Kd7 42. Rg7+ Kd6 43. Ra7 Rxb2 44. Rxa4 Rxg2 45. Kd3 Ke5 46. Ra6 Rg3+ 47. Kc2 Kd4 48. Rxc6 Kxc4 49. a4 Rg2+ 50. Kb1 Kb4 51. a5 Kb5 52. Rc8 Rg6 53. Kc2 Ra6 54. Rh8 Rxa5 55. Rh4 Ra2+ 56. Kb3 Rg2 57. Rf4 Rg3+ 58. Kc2 Rg1 59. Rf3 Kb4 60. Rh3 c4 61. Rf3 Rg2+ 62. Kc1 Rh2 63. Rg3 1/2-1/2

[Event "Turin-ch"]
[Site "Turin"]
[Date "2009.12.06"]
[Round "7"]
[White "Mazzetta, Renato"]
[Black "Ragni, Paolo"]
[Result "1/2-1/2"]
[WhiteElo "1913"]
[BlackElo "2156"]
[PlyCount "41"]
[EventDate "2009.11.09"]
[EventType "swiss"]
[EventRounds "7"]
[EventCountry "ITA"]
[SourceTitle "EXT 2012"]
[Source "ChessBase"]
[SourceDate "2011.11.24"]
[SourceVersion "1"]
[SourceVersionDate "2011.11.24"]
[SourceQuality "1"]

1. e4 Nf6 2. Nc3 d5 3. exd5 Nxd5 4. g3 e5 5. Bg2 Nxc3 6. bxc3 Nd7 7. d3 Bd6 8. Ne2 Rb8 9. 0-0 0-0 10. c4 c6 11. Be3 Bc5 12. Qd2 Bxe3 13. Qxe3 Qb6 14. Rab1 Qxe3 15. fxe3 Nb6 16. Nc3 f5 17. c5 Nd7 18. d4 e4 19. g4 Nf6 20. gxf5 Nd5 21. Nxd5 1/2-1/2

[Event "Turin Elo op"]
[Site "Turin"]
[Date "2009.01.??"]
[Round "3"]
[White "Sorcinelli, Francesco"]
[Black "Ragni, Paolo"]
[Result "1-0"]
[WhiteElo "2116"]
[BlackElo "2169"]
[PlyCount "71"]
[EventDate "2009.01.19"]
[EventType "swiss"]
[EventRounds "9"]
[EventCountry "ITA"]
[SourceTitle "EXT 2011"]
[Source "ChessBase"]
[SourceDate "2010.11.26"]
[SourceVersion "1"]
[SourceVersionDate "2010.11.26"]
[SourceQuality "1"]

1. e4 e5 2. f4 exf4 3. Bc4 Nf6 4. Nc3 c6 5. Bb3 d5 6. exd5 cxd5 7. d4 Bd6 8. Nge2 0-0 9. 0-0 g5 10. h4 h6 11. hxg5 hxg5 12. g3 Nc6 13. gxf4 g4 14. f5 Kg7 15. Bg5 Rh8 16. Nf4 Bxf5 17. Qd2 Ne4 18. Nxe4 Bxe4 19. Qe3 Rh1+ 20. Kf2 Rh2+ 21. Ke1 Qa5+ 22. c3 Rxb2 23. Bf6+ Kf8 24. Bg7+ Kxg7 25. Nh5+ Kf8 26. Qh6+ Ke8 27. Nf6+ Kd8 28. Nxe4 Be7 29. Rc1 dxe4 30. Rxf7 Nxd4 31. Qh8+ Kd7 32. Qxd4+ Ke8 33. Rxe7+ Kxe7 34. Qg7+ Kd6 35. Rd1+ Kc6 36. Qd7+ 1-0

[Event "Turin FreeTUR op"]
[Site "Turin"]
[Date "2007.12.11"]
[Round "6"]
[White "Di Chiara, Mauro"]
[Black "Ragni, Paolo"]
[Result "0-1"]
[WhiteElo "1747"]
[BlackElo "2169"]
[PlyCount "86"]
[EventDate "2007.11.06"]
[EventType "swiss"]
[EventRounds "6"]
[EventCountry "ITA"]
[SourceTitle "EXT 2010"]
[Source "ChessBase"]
[SourceDate "2010.11.25"]
[SourceVersion "1"]
[SourceVersionDate "2010.11.25"]
[SourceQuality "1"]

1. d4 Nf6 2. g3 c5 3. d5 e6 4. Nc3 d6 5. Bg2 e5 6. e4 g6 7. Nge2 Bg7 8. 0-0 0-0 9. f4 Nbd7 10. Kh1 a6 11. a4 b6 12. Bh3 h5 13. f5 Rb8 14. fxg6 fxg6 15. Be6+ Kh8 16. Bg5 b5 17. axb5 axb5 18. Qc1 b4 19. Nd1 Qc7 20. Qe3 Kh7 21. Rf3 Nb6 22. Bxf6 Rxf6 23. Rxf6 Bxf6 24. Qf2 Bg7 25. Ne3 Bxe6 26. dxe6 Qe7 27. Qf7 Qxf7 28. exf7 Rb7 29. Rf1 Bf8 30. Ng2 Kg7 31. Nh4 Nc4 32. Nc1 Nxb2 33. Kg2 Nc4 34. Rf3 Nd2 35. Re3 Rxf7 36. Nf3 Nxf3 37. Rxf3 Rxf3 38. Kxf3 c4 39. Ke2 Kf6 40. Na2 d5 41. exd5 e4 42. Ke3 Ke5 43. h3 Bc5+ 0-1

[Event "Piemonte-ch 06"]
[Site "Turin"]
[Date "2005.12.05"]
[Round "4"]
[White "Gussone, Claudio"]
[Black "Ragni, Paolo"]
[Result "0-1"]
[WhiteElo "1885"]
[BlackElo "2159"]
[PlyCount "68"]
[EventDate "2005.12.03"]
[EventType "swiss"]
[EventRounds "7"]
[EventCountry "ITA"]
[SourceTitle "EXT 2008"]
[Source "ChessBase"]
[SourceDate "2007.11.25"]
[SourceVersion "1"]
[SourceVersionDate "2007.11.25"]
[SourceQuality "1"]

1. d4 Nf6 2. c4 d6 3. Nf3 g6 4. g3 Bg7 5. Bg2 0-0 6. Nc3 Nbd7 7. e4 e5 8. dxe5 dxe5 9. Qc2 c6 10. 0-0 Qe7 11. b3 Re8 12. Bb2 b6 13. Rad1 Bb7 14. Qd2 Bf8 15. Qc1 Rad8 16. a3 a5 17. Na4 b5 18. cxb5 cxb5 19. Nc3 Qc5 20. Rfe1 b4 21. axb4 axb4 22. Na4 Qe7 23. Nd2 Rc8 24. Nc4 Ba6 25. Bf1 Qe6 26. Qd2 Rc6 27. Rc1 Rec8 28. Ba1 Bb5 29. Nab2 Ra8 30. Bg2 Ra2 31. Rc2 Rca6 32. Rcc1 Nc5 33. Qd8 Nxb3 34. Nxe5 Nxc1 0-1

[Event "Piemonte-ch"]
[Site "Turin"]
[Date "2005.04.27"]
[Round "7"]
[White "Tacchino, Stefano"]
[Black "Ragni, Paolo"]
[Result "0-1"]
[WhiteElo "2097"]
[BlackElo "2105"]
[PlyCount "116"]
[EventDate "2005.04.21"]
[EventType "swiss"]
[EventRounds "7"]
[EventCountry "ITA"]
[SourceTitle "EXT 2008"]
[Source "ChessBase"]
[SourceDate "2007.11.25"]
[SourceVersion "1"]
[SourceVersionDate "2007.11.25"]
[SourceQuality "1"]

1. d4 Nf6 2. Nf3 g6 3. c4 Bg7 4. Nc3 0-0 5. e4 d6 6. h3 e5 7. d5 a5 8. Bg5 h6 9. Be3 Kh7 10. Be2 Nbd7 11. Nd2 b6 12. a3 Ng8 13. g4 Ne7 14. h4 Rh8 15. h5 Kg8 16. Nf1 f5 17. gxf5 gxf5 18. exf5 Nxf5 19. Rg1 Nc5 20. Qc2 Bd7 21. 0-0-0 Qf8 22. Nb5 Rc8 23. Bxc5 bxc5 24. Bg4 e4 25. Qxe4 Qf6 26. Nc3 Re8 27. Qf4 Kh7 28. Ne3 Rhf8 29. Bxf5+ Bxf5 30. Qxf5+ Qxf5 31. Nxf5 Rxf5 32. Rde1 Ree5 33. Rxe5 Bxe5 34. Rg2 Rxh5 35. Nb5 Rh2 36. Rxh2 Bxh2 37. b3 Be5 38. Kd2 Kg6 39. Ke2 Kf5 40. Kf3 h5 41. Nxc7 h4 42. Kg2 Ke4 43. Ne6 Kd3 44. f4 Bf6 45. Nc7 Kc2 46. Nb5 Be7 47. b4 axb4 48. a4 Bd8 49. f5 Kd3 50. a5 Bxa5 51. Kh3 Bd8 52. Nxd6 b3 53. Nb5 b2 54. Na3 Kc3 55. d6 Kb3 56. Nb1 Kxc4 57. Kg4 Kd5 58. d7 Kd6 0-1

[Event "Piemonte-ch"]
[Site "Turin"]
[Date "2005.04.22"]
[Round "2"]
[White "Ragni, Paolo"]
[Black "Racioppo, Paolo"]
[Result "1-0"]
[WhiteElo "2105"]
[BlackElo "2199"]
[PlyCount "76"]
[EventDate "2005.04.21"]
[EventType "swiss"]
[EventRounds "7"]
[EventCountry "ITA"]
[SourceTitle "EXT 2008"]
[Source "ChessBase"]
[SourceDate "2007.11.25"]
[SourceVersion "1"]
[SourceVersionDate "2007.11.25"]
[SourceQuality "1"]

1. Nf3 f5 2. g3 Nf6 3. Bg2 d6 4. d4 g6 5. 0-0 Bg7 6. c4 0-0 7. Nc3 Nc6 8. d5 Ne5 9. Nd2 Bd7 10. f4 Neg4 11. Nf3 a6 12. h3 Nh6 13. Nd4 Kh8 14. b3 Rc8 15. Bb2 c6 16. Qd2 cxd5 17. cxd5 Qb6 18. e3 Nf7 19. Kh2 Rfe8 20. Rac1 Qa5 21. a3 Qb6 22. Rfd1 Rc7 23. Ne6 Rcc8 24. Nxg7 Kxg7 25. b4 Rh8 26. Ne2 Rcf8 27. Nd4 h5 28. Nf3 Nd8 29. Bd4 Qb5 30. Rc7 Kh6 31. a4 Qxa4 32. Ra1 Qb5 33. Ra5 Ne4 34. Qb2 Rh7 35. Rxb5 Bxb5 36. h4 Nf6 37. Bxf6 exf6 38. Qc3 Nf7 1-0

[Event "Piemonte Region-ch"]
[Site "Torino"]
[Date "2004.04.??"]
[Round "3"]
[White "Ragni, Paolo"]
[Black "Ranieri, Fabrizio"]
[Result "1-0"]
[WhiteElo "2093"]
[BlackElo "2216"]
[PlyCount "89"]
[EventDate "2004.04.??"]
[EventType "swiss"]
[EventRounds "6"]
[EventCountry "ITA"]
[SourceTitle "EXT 2024"]
[Source "ChessBase"]
[SourceDate "2023.10.10"]
[SourceVersion "1"]
[SourceVersionDate "2023.10.10"]
[SourceQuality "1"]

1. e4 e6 2. d3 d5 3. Nd2 Nf6 4. Ngf3 Be7 5. g3 0-0 6. Bg2 c5 7. 0-0 Nc6 8. Re1 b5 9. e5 Nd7 10. Nf1 a5 11. h4 b4 12. Bf4 a4 13. a3 bxa3 14. bxa3 Rb8 15. c4 Nb6 16. N1d2 Ba6 17. Qc2 Qd7 18. Rab1 Rfc8 19. Bf1 dxc4 20. dxc4 Nd4 21. Qc3 Qc6 22. Bg2 Bb7 23. h5 Ba8 24. h6 g6 25. Ne4 Kh8 26. Bg5 Bf8 27. Rbd1 Nd7 28. Nxd4 cxd4 29. Rxd4 Nc5 30. Bf6+ Kg8 31. Be7 Nxe4 32. Bxe4 Qe8 33. Bxf8 Qxf8 34. Bxa8 Rxa8 35. Qe3 Rab8 36. Red1 Rd8 37. Rd6 Rdc8 38. c5 Rb3 39. Qg5 Re8 40. c6 Rc3 41. Rd8 f6 42. exf6 Rc5 43. f7+ Kxf7 44. R1d7+ Kg8 45. Rg7+ 1-0

[Event "Torino-ch Assoluto 48th"]
[Site "Torino"]
[Date "2004.01.??"]
[Round "7"]
[White "Fortino, Fabrizio"]
[Black "Ragni, Paolo"]
[Result "0-1"]
[WhiteElo "1786"]
[BlackElo "2093"]
[PlyCount "50"]
[EventDate "2004.01.??"]
[EventType "swiss"]
[EventRounds "7"]
[EventCountry "ITA"]
[SourceTitle "EXT 2015"]
[Source "ChessBase"]
[SourceDate "2014.11.20"]
[SourceVersion "1"]
[SourceVersionDate "2014.11.20"]
[SourceQuality "1"]

1. e4 e5 2. f4 exf4 3. Bc4 Nf6 4. Nc3 c6 5. Bb3 d5 6. exd5 cxd5 7. d4 Be7 8. Nf3 0-0 9. 0-0 Bg4 10. Bxf4 Nc6 11. Qd3 Rc8 12. Be5 Bxf3 13. Rxf3 Qd7 14. Rh3 g6 15. Qd2 Rfe8 16. Rf1 Nxe5 17. dxe5 Bc5+ 18. Kh1 Ng4 19. Nxd5 Rxe5 20. Qf4 Rf5 21. Qc1 Rxd5 22. Bxd5 Qxd5 23. Rhf3 Rf8 24. Qf4 h5 25. h3 Bd6 0-1

[Event "Turin-ch op 18th"]
[Site "Torino"]
[Date "2001.02.??"]
[Round "5"]
[White "Ragni, Paolo"]
[Black "Racioppo, Paolo"]
[Result "0-1"]
[WhiteElo "2031"]
[BlackElo "2198"]
[PlyCount "74"]
[EventDate "2001.02.??"]
[EventType "swiss"]
[EventRounds "8"]
[EventCountry "ITA"]
[SourceTitle "EXT 2024"]
[Source "ChessBase"]
[SourceDate "2023.10.10"]
[SourceVersion "1"]
[SourceVersionDate "2023.10.10"]
[SourceQuality "1"]

1. d4 f5 2. e4 fxe4 3. Nc3 Nf6 4. Bg5 Nc6 5. f3 e3 6. Bxe3 d5 7. Qd2 Be6 8. Nge2 Qd7 9. 0-0-0 Bf7 10. Nf4 e6 11. g4 a6 12. Bh3 Na5 13. g5 Nc4 14. Qd3 Qd6 15. Nb1 Nd7 16. Rhe1 0-0-0 17. b3 Nxe3 18. Qxe3 Re8 19. Re2 Be7 20. Rg1 Bd8 21. Nc3 Re7 22. Na4 Qa3+ 23. Kb1 Kb8 24. Nd3 Rf8 25. f4 Bh5 26. Ree1 c6 27. Bxe6 Ba5 28. c3 Bg6 29. Qd2 Bxd3+ 30. Qxd3 Rxf4 31. Bxd7 Rxd7 32. Re8+ Ka7 33. Rge1 Rdf7 34. Qg3 Bc7 35. R8e2 Rf1 36. Qg2 R1f3 37. Re3 Rf2 0-1